| 000 | 01026nam a2200253 i 4500 | ||
|---|---|---|---|
| 001 | 184503 | ||
| 003 | ES-MaACL | ||
| 005 | 20230906222219.0 | ||
| 008 | 150916s2013 sp d |||| | spa d | ||
| 020 | _a978-84-695-8919-9 | ||
| 080 | _a061.27(460) | ||
| 080 | _a334.012.44(460) | ||
| 100 | 1 |
_aRubio Guerrero, Juan José. _9157472 |
|
| 245 | 1 | 3 |
_aComportamiento del empleo en el sector fundacional _b: actuaciones contracíclicas y derivaciones de política económica para el sector / _cJuan José Rubio Guerrero, Simón Sosvilla Rivero, , Miguel Ángel Galindo Martín. |
| 260 |
_aMadrid : _bAsociación Española de Fundaciones, _c2013. |
||
| 300 |
_a54 p. : _bgráf. col. ; _c24 cm. |
||
| 504 | _aBibliografía: p. 53-54. | ||
| 650 | 0 | 7 |
_aFundaciones- _xEspaña. _913016 |
| 650 | 7 |
_aEconomía social- _zEspaña. _912037 |
|
| 700 | 1 |
_aSosvilla Rivero, Simón. _9157473 |
|
| 700 | 1 |
_aGalindo Martin, Miguel Angel. _953443 |
|
| 710 | 2 |
_aAsociación Española de Fundaciones. _9157474 |
|
| 852 |
_aES-MaACL _j2332-F-43 |
||
| 999 |
_c184503 _d184503 |
||